000 00759nam a2200229Ia 4500
003 OSt
005 20220925235328.0
006 a|||||r|||| 00| 0
007 ta
008 220923b |||||||| |||| 00| 0 eng d
020 _a9788189524722
_c25
037 _b875, 12/03/2013, Pranami Book Service
_cGeneral Book
040 _aRTL
_cRTL
_beng
041 _2eng
_aeng
082 _aU.55.N, Q2
100 _aCLAVAL Paul
_9301208
245 0 _aRegion in geography
_b Regional geography Past and present A review of ideas, approaches and goals.
260 _a New Delhi
_bCritical Quest
_c2012
300 _a32p
_ccm.
942 _hU.55.N, Q2
_cGB
_2CC
999 _c597158
_d597158